Design concepts in programming languages / (Record no. 330710)
[ view plain ]
| 000 -LEADER | |
|---|---|
| fixed length control field | 01405cam a2200325 a 4500 |
| 001 - CONTROL NUMBER | |
| control field | 15232922 |
| 005 - DATE AND TIME OF LATEST TRANSACTION | |
| control field | 20180119161825.0 |
| 008 - FIXED-LENGTH DATA ELEMENTS--GENERAL INFORMATION | |
| fixed length control field | 080325s2008 maua b 001 0 eng |
| 010 ## - LIBRARY OF CONGRESS CONTROL NUMBER | |
| LC control number | 2008013841 |
| 015 ## - NATIONAL BIBLIOGRAPHY NUMBER | |
| National bibliography number | GBA889307 |
| Source | bnb |
| 016 7# - NATIONAL BIBLIOGRAPHIC AGENCY CONTROL NUMBER | |
| Record control number | 014669651 |
| Source | Uk |
| 020 ## - INTERNATIONAL STANDARD BOOK NUMBER | |
| International Standard Book Number | 9780262201759 (hardcover : alk. paper) |
| 020 ## - INTERNATIONAL STANDARD BOOK NUMBER | |
| International Standard Book Number | 9788120339965 |
| 035 ## - SYSTEM CONTROL NUMBER | |
| System control number | (OCoLC)ocn214322997 |
| 035 ## - SYSTEM CONTROL NUMBER | |
| System control number | (OCoLC)214322997 |
| 040 ## - CATALOGING SOURCE | |
| Original cataloging agency | DLC |
| Transcribing agency | DLC |
| Modifying agency | BTCTA |
| -- | BAKER |
| -- | YDXCP |
| -- | UKM |
| -- | C#P |
| -- | BWX |
| -- | DLC |
| 050 00 - LIBRARY OF CONGRESS CALL NUMBER | |
| Classification number | QA76.7 |
| Item number | .T845 2008 |
| 082 00 - DEWEY DECIMAL CLASSIFICATION NUMBER | |
| Classification number | 005.1,TUR |
| Edition number | 22 |
| 100 1# - MAIN ENTRY--PERSONAL NAME | |
| Personal name | Turbak, Franklyn Albin. |
| 9 (RLIN) | 3682 |
| 245 10 - TITLE STATEMENT | |
| Title | Design concepts in programming languages / |
| Statement of responsibility, etc. | Franklyn Turbak and David Gifford ; with Mark A. Sheldon. |
| 260 ## - PUBLICATION, DISTRIBUTION, ETC. | |
| Place of publication, distribution, etc. | Cambridge, Mass. : |
| Name of publisher, distributor, etc. | MIT Press, |
| Date of publication, distribution, etc. | c2008. |
| 300 ## - PHYSICAL DESCRIPTION | |
| Extent | xxiv, 1322 p. : |
| Other physical details | ill. ; |
| Dimensions | 24 cm. |
| 505 ## - FORMATTED CONTENTS NOTE | |
| Formatted contents note | Foundations (Page-1), Introduction (Page-3). Dynamic Semantic (Page-205), Static Semantics (Page-615), Pragmatics (Page-1003). |
| 650 #0 - SUBJECT ADDED ENTRY--TOPICAL TERM | |
| Topical term or geographic name entry element | Programming languages (Electronic computers) |
| 9 (RLIN) | 3683 |
| 700 1# - ADDED ENTRY--PERSONAL NAME | |
| Personal name | Gifford, David K., |
| Dates associated with a name | 1954- |
| 9 (RLIN) | 3684 |
| 700 1# - ADDED ENTRY--PERSONAL NAME | |
| Personal name | Sheldon, Mark A. |
| 9 (RLIN) | 3685 |
| 856 41 - ELECTRONIC LOCATION AND ACCESS | |
| Materials specified | Table of contents only |
| Uniform Resource Identifier | <a href="http://www.loc.gov/catdir/toc/ecip0814/2008013841.html">http://www.loc.gov/catdir/toc/ecip0814/2008013841.html</a> |
| 906 ## - LOCAL DATA ELEMENT F, LDF (RLIN) | |
| a | 7 |
| b | cbc |
| c | orignew |
| d | 1 |
| e | ecip |
| f | 20 |
| g | y-gencatlg |
| 942 ## - ADDED ENTRY ELEMENTS (KOHA) | |
| Source of classification or shelving scheme | |
| Koha item type | Book |
| Call number prefix | 005.1,TUR |
| Withdrawn status | Lost status | Source of classification or shelving scheme | Damaged status | Not for loan | Permanent Location | Current Location | Shelving location | Date acquired | Total Checkouts | Full call number | Barcode | Date last seen | Price effective from | Koha item type | Public note |
|---|---|---|---|---|---|---|---|---|---|---|---|---|---|---|---|
| Military College of Signals (MCS) | Military College of Signals (MCS) | General Stacks | 07/31/2017 | 005.1,TUR | 37783 | 07/31/2017 | 07/31/2017 | Book | Almirah No.44, Shelf No.1 |
